Statistiques concernant Gares TGV

Cliquez ici pour prendre le quiz!

Statistiques générales

  • Ce quiz a été pris 283 fois
    (246 depuis la dernière actualisation)
  • Le résultat moyen est 12 sur 20

Statistiques - réponses

HintRéponse% Correct
Avignon TGV
82%
LGV MéditérannéeValence TGV
80%
Aix en Provence TGV
73%
LGV AtlantiqueMassy TGV
72%
Lorraine TGV
70%
Lille Europe
66%
Meuse TGV
63%
Marne la Vallée Chessy
61%
LGV Est EuropéenneChampagne Ardennnes TGV
60%
LGV Sud EstLe Creusot TGV
57%
LGV Rhone AlpesLyon Saint Exupéry TGV
53%
Montpellier Sud de France
52%
Mâcon Loché TGV
51%
Belfort Montbéliard TGV
49%
Nîmes Pont du Gard
47%
LGV Nord EuropeHaute Picardie TGV
46%
Vendôme TGV
43%
Ile de FranceAéroport Charles de Gaulle 2 TGV
42%
LGV Rhin Rhone EstBesançon franche Comté TGV
42%
Calais Frethun
42%

Distribution des résultats

Percentile par nombre de réponses

% des personnes avec chaque résultat

Votre développement - résultats

Vous n’avez pas pris ce quiz depuis la dernière actualisation